|
|
|
|
| LEADER |
00000naa2a2200000 4500 |
| 001 |
458386 |
| 005 |
20231101085007.0 |
| 035 |
|
|
|a (RuTPU)RU\TPU\prd\122066
|
| 035 |
|
|
|a RU\TPU\prd\22040
|
| 090 |
|
|
|a 458386
|
| 100 |
|
|
|a 20111011a2003 k y0rusy50 ca
|
| 101 |
0 |
|
|a rus
|
| 102 |
|
|
|a RU
|
| 200 |
1 |
|
|a Микромасштабное пространсвенное варьирование фитотоксичности лесной подстилки
|f Е. Л. Воробейчик, В. Н. Позолотина
|
| 320 |
|
|
|a Библиогр.: 18 назв.
|
| 461 |
|
1 |
|0 (RuTPU)RU\TPU\prd\469
|x 0367-0597
|t Экология
|f Российская академия наук (РАН), Уральское отделение (УрО)
|d 1996-
|
| 463 |
|
1 |
|0 (RuTPU)RU\TPU\prd\122062
|t № 6
|v С. 420-427
|d 2003
|
| 610 |
1 |
|
|a тяжёлые металлы
|
| 610 |
1 |
|
|a кислотность
|
| 610 |
1 |
|
|a лесная подстилка
|
| 610 |
1 |
|
|a промышленное загрязнение
|
| 610 |
1 |
|
|a биотестирование
|
| 610 |
1 |
|
|a фитотоксичность
|
| 610 |
1 |
|
|a одуванчик лекарственный
|
| 610 |
1 |
|
|a пространственное варьирование
|
| 610 |
1 |
|
|a зависимости доза-эффект
|
| 610 |
1 |
|
|a Средний Урал
|
| 675 |
|
|
|a 574.4:506.054
|v 3
|
| 700 |
|
1 |
|a Воробейчик
|b Е. Л.
|
| 701 |
|
1 |
|a Позолотина
|b В. Н.
|
| 801 |
|
1 |
|a RU
|b 63413507
|c 20040130
|g PSBO
|
| 801 |
|
2 |
|a RU
|b 63413507
|c 20111011
|g RCR
|
| 942 |
|
|
|c BK
|